[Event "Santa Eugenia op 10th"]
[Site "Santa Eugenia"]
[Date "2015.??.??"]
[Round "7"]
[White "Ferrer Blanc, Francesc"]
[Black "Gala Martinez, Raul"]
[Result "1/2-1/2"]
[WhiteElo "1905"]
[BlackElo "1731"]
[PlyCount "63"]
[EventDate "2015.04.17"]
[EventType "swiss"]
[EventRounds "9"]
[EventCountry "ESP"]
[SourceTitle "EXT 2016"]
[Source "ChessBase"]
[SourceDate "2015.10.08"]
[SourceVersion "1"]
[SourceVersionDate "2015.10.08"]
[SourceQuality "1"]

1. e4 e5 2. Nf3 d6 3. d4 f6 4. dxe5 fxe5 5. Nc3 Nf6 6. Be2 Be7 7. 0-0 0-0 8. Ne1 Nc6 9. Be3 a6 10. Bc4+ Kh8 11. f3 b5 12. Bd3 d5 13. Nxd5 Nxd5 14. exd5 Qxd5 15. Qe2 Nd4 16. Qd1 Bf5 17. Bxf5 Rxf5 18. c3 c5 19. cxd4 cxd4 20. Bd2 Raf8 21. Qe2 e4 22. g4 d3 23. Qg2 exf3 24. Nxf3 Rxf3 25. Rxf3 Rxf3 26. Re1 Qc5+ 27. Kh1 Rf8 28. a3 Qc7 29. Bc3 Bg5 30. Qd5 Qd8 31. Qxd8 Rxd8 32. Kg2 1/2-1/2